000 00301nam a22001337a 4500
008 170921b xxu||||| |||| 00| 0 eng d
020 _a034406022588
041 _aeng
080 _a7
100 _a45
101 _aART
245 _aAFRICAN AMERICAN VOICES OF TRIUMPH
_cFAHEY, J.M
942 _2udc
_cBK
999 _c28650
_d28650